00157nam a2200061Ia 4500008004100000100002400041245003000065120527s9999 xx 000 0 und d aWyoming, H. Jackson aAchieving price stability